000 00833nam a2200265Ia 4500
003 OSt
005 20220925235519.0
006 a|||||r|||| 00| 0
007 ta
008 220923b |||||||| |||| 00| 0 eng d
020 _a817629814X
_c450.00
037 _b443, 24/08/2006, Bright Book Service
_cGeneral Book
040 _aRTL
_cRTL
_beng
041 _2eng
_aeng
082 _aX:545.2.P, P6
100 _aTarafdar Pushpa
_9301395
245 0 _aIndia's export policy
_b Trends and prospects
260 _a New Delhi
_bDeep and Deep
_c2006
300 _ax, 214p
_ccm.
500 _aBib: p206-09; Bib chapterwise
650 _a Export Economics
_9255680
650 _aCommerce
942 _hX:545.2.P, P6
_cGB
_2CC
999 _c597453
_d597453